000 00504nam a22001817a 4500
003 CEME
005 20210628210646.0
008 210211b xxu||||| |||| 00| 0 eng d
020 _a981-02-3252-7
040 _c.
082 _a547.2 HOD
100 _aHo, Tse-Lok
_980377
245 _aDistinctive techniques for organic synthesis a practical guide
260 _aNEW JERSEY
_bWORLD SCIENTIFIC PUBLISHER
_c1998
300 _aXI,385P
650 _aORGANIC COMPOUNDS-SYNTHESIS
_980378
942 _cBK
_2ddc
999 _c585325
_d585325